00802nam a2200181 a 450000100100000000500170001000800410002704000250006808200150009310000270010824500710013526001060020630000260031250400730033870000790041195201130049099900170060300004299320201002040545.0140217s1969 xxu 000 0 spa d aDO-SdBNPbspacBNPHU axxxxbxxxx1 aWood, Gordon S.97050510aThe creation of the american republic 1776-1787 /cGordon S. Wood. aVirginia :bPublished for the Institute of Early American History and Culture at Williamsburg,c1969. axiv, 653 p. ;c24 cm. aIncluye referencias bibliográficas y notas al pie de las páginas1 aInstitute of Early American History and Culture (Williamsburg, Va.)970506 001050718MOaGRbGRcCTd2014-03-14iLF1l0oxxxx xxxxp42993-10r2020-06-25w2020-06-25y1ZNo se presta c42482d42482